<?xml version="1.0" encoding="UTF-8"?>
<record
    xmlns:xsi="http://www.w3.org/2001/XMLSchema-instance"
    xsi:schemaLocation="http://www.loc.gov/MARC21/slim http://www.loc.gov/standards/marcxml/schema/MARC21slim.xsd"
    xmlns="http://www.loc.gov/MARC21/slim">

  <leader>01210nam a22002177a 4500</leader>
  <controlfield tag="003">OSt</controlfield>
  <controlfield tag="005">20210623114420.0</controlfield>
  <controlfield tag="008">140915b        xxu||||| |||| 00| 0 eng d</controlfield>
  <datafield tag="022" ind1=" " ind2=" ">
    <subfield code="a">08550859</subfield>
  </datafield>
  <datafield tag="040" ind1=" " ind2=" ">
    <subfield code="c">LC</subfield>
  </datafield>
  <datafield tag="050" ind1=" " ind2=" ">
    <subfield code="a">K18.R32(Vol. XXII)</subfield>
  </datafield>
  <datafield tag="110" ind1=" " ind2=" ">
    <subfield code="b">Council for Law Reporting (Ghana)</subfield>
  </datafield>
  <datafield tag="245" ind1=" " ind2=" ">
    <subfield code="a">The review of Ghana law (2006- 2010). /</subfield>
    <subfield code="c">Editor: J .N .N Oku</subfield>
  </datafield>
  <datafield tag="260" ind1=" " ind2=" ">
    <subfield code="a">Accra:</subfield>
    <subfield code="b">Council for Law Reporting,</subfield>
    <subfield code="c">2006.</subfield>
  </datafield>
  <datafield tag="300" ind1=" " ind2=" ">
    <subfield code="a">310 p.:</subfield>
  </datafield>
  <datafield tag="440" ind1=" " ind2=" ">
    <subfield code="p">The review of Ghana law (2006- 2010)</subfield>
    <subfield code="v">Vol. XXI | </subfield>
  </datafield>
  <datafield tag="505" ind1=" " ind2=" ">
    <subfield code="a">Contents: Miscellany at Law -- The Commonwealth Association of Legislative Counsel Africa Conference- Abuja, Nigeria, April 2010: Legislative drafting- a developing discipline -- Courts, interpretation and constitutions in Africa -- Privacy in context: privacy and the media under the constitution of Ghana -- Separate personality, Limited liability and the Veil Piecing jurisprudence in Ghana -- The sources of public international law and their applicability to the domestic violence laws of Ghana  -- Personal injuries -- Notes and comments -- Statutory intelligence -- Book review -- </subfield>
  </datafield>
  <datafield tag="653" ind1=" " ind2=" ">
    <subfield code="a">Law -- Ghana -- Periodicals </subfield>
  </datafield>
  <datafield tag="700" ind1=" " ind2=" ">
    <subfield code="q">Oku, J. N. N.</subfield>
  </datafield>
  <datafield tag="942" ind1=" " ind2=" ">
    <subfield code="2">lcc</subfield>
    <subfield code="c">BK</subfield>
  </datafield>
  <datafield tag="999" ind1=" " ind2=" ">
    <subfield code="c">7661</subfield>
    <subfield code="d">15161</subfield>
  </datafield>
  <datafield tag="952" ind1=" " ind2=" ">
    <subfield code="0">0</subfield>
    <subfield code="1">0</subfield>
    <subfield code="2">lcc</subfield>
    <subfield code="4">0</subfield>
    <subfield code="7">0</subfield>
    <subfield code="a">WIUC-KL</subfield>
    <subfield code="b">WIUC-KL</subfield>
    <subfield code="c">LL</subfield>
    <subfield code="d">2019-08-30</subfield>
    <subfield code="l">0</subfield>
    <subfield code="o">K18.R32(Vol. XXII)</subfield>
    <subfield code="p">KSL/201/19</subfield>
    <subfield code="r">2021-06-23 00:00:00</subfield>
    <subfield code="w">2021-06-23</subfield>
    <subfield code="y">BK</subfield>
  </datafield>
  <datafield tag="952" ind1=" " ind2=" ">
    <subfield code="0">0</subfield>
    <subfield code="1">0</subfield>
    <subfield code="2">lcc</subfield>
    <subfield code="4">0</subfield>
    <subfield code="7">0</subfield>
    <subfield code="a">WIUC-1</subfield>
    <subfield code="b">WIUC-1</subfield>
    <subfield code="c">LL</subfield>
    <subfield code="d">2023-09-07</subfield>
    <subfield code="l">0</subfield>
    <subfield code="o">K18.R32(2006-2010 vol. xxii)</subfield>
    <subfield code="p">3256/365/23</subfield>
    <subfield code="r">2023-09-07 00:00:00</subfield>
    <subfield code="t">1</subfield>
    <subfield code="w">2023-09-07</subfield>
    <subfield code="y">BK</subfield>
  </datafield>
</record>
